The defeat of communism / (Record no. 3284)
[ view plain ]
| 000 -LEADER | |
|---|---|
| fixed length control field | 00709nam a2200253I 4500 |
| 001 - CONTROL NUMBER | |
| control field | 3284 |
| 003 - CONTROL NUMBER IDENTIFIER | |
| rucl marc code | BD-RjUL |
| 005 - DATE AND TIME OF LATEST TRANSACTION | |
| control field | 20211208233715.0 |
| 008 - FIXED-LENGTH DATA ELEMENTS--GENERAL INFORMATION | |
| fixed length control field | 131218s1964 enka b 00100beng |
| 035 ## - SYSTEM CONTROL NUMBER | |
| System control number | (BD-RjUL)3318 |
| 040 ## - CATALOGING SOURCE | |
| Transcribing agency | TEU |
| Modifying agency | BOS |
| -- | BD-RjUL |
| Original cataloging agency | BD-RjUL |
| Language of cataloging | eng |
| 041 ## - LANGUAGE CODE | |
| Language code of text/sound track or separate title | eng |
| 082 04 - DEWEY DECIMAL CLASSIFICATION NUMBER | |
| Edition number | 16 |
| Classification number | 335.43 |
| Author mark and year | STD 1964. |
| 100 1# - MAIN ENTRY--PERSONAL NAME | |
| Personal name | Stewart-Smith, D. G., |
| Dates associated with a name | 1934- |
| 9 (RLIN) | 10367 |
| 245 14 - TITLE STATEMENT | |
| Title | The defeat of communism / |
| Statement of responsibility, etc. | D.G. Stewart-Smith |
| 250 ## - EDITION STATEMENT | |
| Edition statement | [1st ed.] |
| 260 ## - PUBLICATION, DISTRIBUTION, ETC. (IMPRINT) | |
| Place of publication, distribution, etc. | London : |
| Name of publisher, distributor, etc. | Ludgate Press, |
| Date of publication, distribution, etc. | 1964. |
| 300 ## - PHYSICAL DESCRIPTION | |
| Pagination | 482 p. : |
| Illustrations | illus. ; |
| Size | 23 cm. |
| 504 ## - BIBLIOGRAPHY, ETC. NOTE | |
| Bibliography, etc | Includes Bibliographical reference and index. |
| 650 #0 - SUBJECT ADDED ENTRY--TOPICAL TERM | |
| Topical term or geographic name as entry element | Communism. |
| 9 (RLIN) | 10368 |
| 942 ## - ADDED ENTRY ELEMENTS (KOHA) | |
| Source of classification or shelving scheme | Dewey Decimal Classification |
| Koha item type | Books |
| Lost status | Source of classification or shelving scheme | Damaged status | Not for loan | Collection code | Permanent Location | Current Location | Shelving location | Date acquired | Source of acquisition | Cost, normal purchase price | Total Checkouts | Full call number | Date last seen | Copy number | Koha item type |
|---|---|---|---|---|---|---|---|---|---|---|---|---|---|---|---|
| Dewey Decimal Classification | Not For Loan | Non-fiction | Central Library, University of Rajshahi | Central Library, University of Rajshahi | Reading Room | 28/02/1967 | Beller book | 28.35 | 335.43 STD 1964 | 18/12/2013 | C-1 | Books |